LIBRARY ONLINE CATALOGUE

Inventory of HIV counseling testing, care and support services in Nairobi. (Record no. 12943)

MARC details
000 -LEADER
fixed length control field 00519cam a22001812 4500
001 - CONTROL NUMBER
control field 0000004882
005 - DATE AND TIME OF LATEST TRANSACTION
control field 20151217155826.0
008 - FIXED-LENGTH DATA ELEMENTS--GENERAL INFORMATION
fixed length control field 070531s xx 000 0 eng d
040 ## - CATALOGING SOURCE
Original cataloging agency KABU
Transcribing agency KABU
050 #0 - LIBRARY OF CONGRESS CALL NUMBER
Classification number RA644
Item number .A25I58
245 10 - TITLE STATEMENT
Title Inventory of HIV counseling testing, care and support services in Nairobi.
260 ## - PUBLICATION, DISTRIBUTION, ETC. (IMPRINT)
Place of publication, distribution, etc. Nairobi :
Name of publisher, distributor, etc. USAID,
Date of publication, distribution, etc. 1999.
300 ## - PHYSICAL DESCRIPTION
Extent 9 p.
650 #0 - SUBJECT ADDED ENTRY--TOPICAL TERM
Topical term or geographic name as entry element AIDS (Disease)
-- 0000148458
908 ## - PUT COMMAND PARAMETER (RLIN)
Put command parameter 070531
950 ## - LOCAL HOLDINGS (RLIN)
-- 1
Holdings
Withdrawn status Lost status Source of classification or shelving scheme Not for loan Home library Current library Date acquired Total Checkouts Full call number Barcode Date last seen Price effective from Koha item type
    Library of Congress Classification   Kabarak, Main Campus Kabarak, Main Campus 17/12/2015   RA644 .A25I58 003962 17/12/2015 17/12/2015 Africana Collection